Üzleti jelentése és zárszámadása az ... üzleti évről

Bibliographic Details
Format: Serial
Language:Hungarian
Published: [Selmeczbánya Selmeczi Népbank] 1913

MARC

LEADER 00000cas a2200000 a 4500
001 vtls001353835
003 SK-MaSNL
005 20260221112617.0
008 180126d19uu19uuxo u 0 0 0hun
035 |a SNK000307258 
040 |a SNK  |b slo  |c SNK  |e AACR2 
041 0 |a hun 
044 |a xo  |c SK 
245 0 0 |a Üzleti jelentése és zárszámadása az ... üzleti évről 
260 |a [Selmeczbánya  |b Selmeczi Népbank]  |c 1913  |e Selmeczbánya  |f Joerges Ágost özv. és fia könyvnyomdája 
910 |a snk 
999 |c 608  |d 2538 
952 |0 0  |1 0  |4 0  |7 0  |8 1  |a SNK  |b SNK  |d 1999-01-28  |i snkD 170/99  |l 0  |o snkČSB 4688/42/1912  |p 17A0177840  |r 2005-01-02 00:00:00  |w 2026-02-21  |y PREZ